000 00785na a2200265 4500
001 18359
003 MIRAKIL
005 20181213155034.0
008 161117b tu 000 0
035 _a18359
040 _aMilas
_btur
_cTR-AnCHP
041 _atur
082 _aCHP 324.2172
_bB8 [t.y.]
090 _aCHP 324.2172 B8 [t.y.]
245 _aBu halk bunları unutur mu?
_cCHP
246 _a"Yalanım varsa namerdim"
260 _aAnkara
_bCHP
_c[t.y.]
300 _a61 s.
_bkarikatür
_c21 sm.
610 _aCumhuriyet Halk Partisi (CHP)
_xİktidar eleştirisi
610 _aDoğru Yol Partisi (DYP)
_xEleştiriler
610 _aRefah Partisi (RP)
_xEleştiriler
710 _aCumhuriyet Halk Partisi (CHP)
740 _a"Yalanım varsa namerdim"
942 _2ddc
_cBKS
999 _c5361
_d5361